000 00534nam a2200181 i 4500
001 24172
003 ES-MaACL
005 20230906153013.0
007 t|
008 021216s1958 sp ||||1| spa d
100 1 _aAnthony, Evelyn.
_921885
245 1 3 _aIntriga imperial /
_cEvelyn Anthony ; [versión española de E. Fosalba].
250 _a[1ª ed.].
260 _aBarcelona :
_bLuis de Caralt,
_c[1958] (
_fLinomonograph)
300 _a264 p. ;
_c20 cm.
700 1 _aFosalba, E.
_951886
852 _aES-MaACL
_jC-14865
_bR.42194
999 _c24172
_d24172